| 000 | 00583nam a22001337a 4500 | ||
|---|---|---|---|
| 040 | _cRUA | ||
| 082 | _aVEM SOR 2015 B525 Or.1 | ||
| 100 | _aSORN KHIM; ស៊ន ឃីម | ||
| 245 | _aSurvey on foot and mouth disease of cattle in chap commune, prey kabbas district, takeo province; ការអង្កេតជំងឺអុតក្តាមលើគោក្នុងឃុំចារ ស្រុកព្រៃកប្បាស ខេត្តតាកែវ | ||
| 260 |
_aPhnom Penh _bRUA _c2015 |
||
| 300 |
_aix; 34p; _bill; _c29cm; |
||
| 856 | _uSORN KHIM | ||
| 942 | _cVEM | ||
| 999 |
_c10631 _d10631 |
||